| 000 | 00553nam a2200241 a 4500 | ||
|---|---|---|---|
| 001 | nice12345678 | ||
| 003 | IN_TiNIC | ||
| 005 | 20260116011447.0 | ||
| 008 | 050524s1935 a grp 000 0 urd | ||
| 020 |
_a _c100 |
||
| 082 | 0 | 0 |
_a297.86 _bAHM35 |
| 100 | _aAhmed, Mirza Ghulam | ||
| 245 | _aTazkira Yani Wahi-E-Muqaddas | ||
| 260 |
_a _b _c1935 |
||
| 300 | _a296p | ||
| 500 | _aincludes index and biblioraphy | ||
| 505 | 2 | _aIndex | |
| 650 | _aAhmadiyyah | ||
| 700 | 1 | _aAhmed, Mirza Ghulam | |
| 902 | _bSRS | ||
| 942 | _cBK | ||
| 999 |
_c1742 _d1742 |
||